Numerical methods for engineers : with software and programming applications (Record no. 64066)

000 -LEADER
fixed length control field 00541nam a22001817a 4500
003 - CONTROL NUMBER IDENTIFIER
control field NUST - PNEC
005 - DATE AND TIME OF LATEST TRANSACTION
control field 20170116180832.0
008 - FIXED-LENGTH DATA ELEMENTS--GENERAL INFORMATION
fixed length control field 150801b xxu||||| |||| 00| 0 eng d
020 ## - INTERNATIONAL STANDARD BOOK NUMBER
International Standard Book Number 0072431938
020 ## - INTERNATIONAL STANDARD BOOK NUMBER
International Standard Book Number 0070474370
040 ## - CATALOGING SOURCE
Transcribing agency LIBRARY
082 ## - DEWEY DECIMAL CLASSIFICATION NUMBER
Classification number 519.402 CHA
100 ## - MAIN ENTRY--PERSONAL NAME
9 (RLIN) 4708
Personal name Chapra, Steven C.
245 ## - TITLE STATEMENT
Title Numerical methods for engineers : with software and programming applications
Statement of responsibility, etc. Steven C. Chapra
250 ## - EDITION STATEMENT
Edition statement 4th ed
650 ## - SUBJECT ADDED ENTRY--TOPICAL TERM
9 (RLIN) 4710
Topical term or geographic name entry element Numerical calculations--Data processing
General subdivision ME / MIS
942 ## - ADDED ENTRY ELEMENTS (KOHA)
Source of classification or shelving scheme
Koha item type Book
Holdings
Withdrawn status Lost status Source of classification or shelving scheme Damaged status Not for loan Permanent Location Current Location Shelving location Date acquired Total Checkouts Full call number Barcode Date last seen Date last checked out Price effective from Koha item type
          Pakistan Navy Engineering College (PNEC) Pakistan Navy Engineering College (PNEC)     1 519.402 CHA PNECLIB-015871 09/30/2016 08/17/2016   Book
          Pakistan Navy Engineering College (PNEC) Pakistan Navy Engineering College (PNEC)       519.402 CHA PNECLIB-026156 08/03/2015     Book
          Pakistan Navy Engineering College (PNEC) Pakistan Navy Engineering College (PNEC)     1 519.402 CHA PNECLIB-026157 08/15/2016 08/15/2016   Book
© 2023 Central Library, National University of Sciences and Technology. All Rights Reserved.